Od dotazování a experiment až po oční kameru
Metódy výskumu účinnosti marketingovej komunikácie. Dotazovanie a výber techník dotazovania. Typy otázok pri dotazovaní. Experiment. Špeciálne "elektronické" metódy. Tachystoskopická metóda alebo perimetrický test. Analýza vecných skutočností.
Uložené v:
| Hlavný autor: | |
|---|---|
| Ďalší autori: | |
| Médium: | Kapitola |
| Jazyk: | Czech |
| Predmet: | |
| Tagy: |
Žiadne tagy, Buďte prvý, kto otaguje tento záznam!
|
MARC
| LEADER | 00000naa$a2200000$$$4500 | ||
|---|---|---|---|
| 001 | 0038362 | ||
| 005 | 20231018125850.3 | ||
| 041 | 0 | |a cze | |
| 044 | |a CZ | ||
| 245 | 1 | 0 | |a Od dotazování a experiment až po oční kameru |c Jitka Vysekalová, Jan Herzmann |
| 520 | |a Metódy výskumu účinnosti marketingovej komunikácie. Dotazovanie a výber techník dotazovania. Typy otázok pri dotazovaní. Experiment. Špeciálne "elektronické" metódy. Tachystoskopická metóda alebo perimetrický test. Analýza vecných skutočností. | ||
| 610 | 2 | 0 | |a komunikácia marketingová |
| 610 | 2 | 0 | |a výskum |
| 610 | 2 | 0 | |a dotazníky |
| 610 | 2 | 0 | |a experimenty |
| 610 | 2 | 0 | |a spotrebitelia |
| 610 | 2 | 0 | |a psychológia |
| 610 | 2 | 0 | |a analýzy |
| 100 | 1 | |a Vysekalová, Jitka | |
| 700 | 1 | |a Herzmann, Jan | |